Top 100 Biggest Cities in US States that Start with K-L - Statistics

General Stats
  • This quiz has been taken 149 times
  • The average score is 24 of 100
Answers on the Map
Answers color-coded by a green-red scale on the quiz's map according to % correct below.
 
Answer Stats
State City Population % Correct
Louisiana New Orleans 390,128
96%
Kentucky Louisville 624,890
95%
Louisiana Baton Rouge 216,701
94%
Kansas Kansas City 153,600
93%
Kansas Wichita 388,771
90%
Kentucky Lexington 328,690
87%
Kansas Topeka 125,092
85%
Louisiana Shreveport 183,819
79%
Louisiana Lafayette 124,561
73%
Kansas Overland Park 196,636
66%
Kentucky Bowling Green 71,623
61%
Kentucky Frankfort 27,705
59%
Kansas Olathe 142,841
58%
Louisiana Lake Charles 80,169
57%
Kentucky Owensboro 60,323
48%
Kansas Lawrence 99,496
46%
Kansas Manhattan 54,749
43%
Louisiana Monroe 46,737
42%
Kansas Dodge City 26,823
41%
Louisiana Alexandria 45,808
40%
Kentucky Paducah 24,672
39%
Kentucky Covington 40,136
38%
Louisiana Kenner 66,351
34%
Kansas Salina 45,928
34%
Louisiana Metairie 143,481
33%
Louisiana Bossier City 68,915
32%
Louisiana Houma 31,842
32%
Kansas Shawnee 66,215
28%
Louisiana Slidell 27,661
26%
Kansas Emporia 24,641
23%
Kansas Hutchinson 39,945
23%
Kansas Leavenworth 36,192
23%
Kansas Lenexa 56,366
23%
Kentucky Elizabethtown 30,837
20%
Kentucky Independence 29,197
20%
Kansas Liberal 18,265
20%
Kansas Garden City 26,378
19%
Kentucky Ashland 19,792
17%
Kentucky Florence 33,127
17%
Kentucky Georgetown 36,081
17%
Kansas Hays 20,616
17%
Kentucky Hopkinsville 29,886
17%
Louisiana Natchitoches 17,707
17%
Louisiana New Iberia 28,053
15%
Kentucky Nicholasville 32,113
14%
Kansas Pittsburg 20,080
14%
Kentucky Richmond 37,652
14%
Louisiana Ruston 22,151
13%
Kentucky Henderson 27,994
12%
Kansas Junction City 20,056
12%
Kentucky Murray 19,604
12%
Kentucky Newport 14,796
12%
Kansas Leawood 34,743
11%
Kentucky Mount Washington 15,073
11%
Louisiana Zachary 18,278
11%
Kentucky Erlanger 19,028
10%
Kansas Gardner 22,259
10%
Louisiana Gretna 17,640
10%
Louisiana Hammond 20,820
10%
Kentucky Jeffersontown 27,913
10%
Louisiana Sulphur 20,198
10%
Kansas Derby 24,755
9%
Kentucky Madisonville 18,581
9%
Kansas Prairie Village 23,467
9%
Kentucky Shelbyville 16,776
9%
Louisiana Baker 13,026
8%
Louisiana Central 29,172
8%
Louisiana Chalmette 23,602
8%
Kentucky Danville 16,854
8%
Kansas Newton 18,360
8%
Kentucky Shively 15,845
8%
Louisiana Thibodaux 15,056
8%
Kentucky Winchester 18,629
8%
Louisiana Youngsville 14,983
8%
Kentucky Berea 16,617
7%
Kentucky Glasgow 14,326
7%
Louisiana Opelousas 15,876
7%
Kentucky Radcliff 23,218
7%
Kansas Andover 13,692
6%
Kentucky Bardstown 13,216
6%
Kansas Great Bend 14,610
6%
Louisiana Laplace 29,147
6%
Louisiana Marrero 32,088
6%
Kansas McPherson 13,485
6%
Louisiana Prairieville 31,721
6%
Louisiana Shenandoah 20,192
6%
Louisiana Belle Chasse 13,490
5%
Louisiana Broussard 13,328
5%
Kansas El Dorado 12,895
5%
Kentucky Fort Thomas 16,362
5%
Louisiana Luling 13,614
5%
Kentucky St. Matthews 18,281
5%
Louisiana Bayou Cane 20,829
4%
Kentucky Burlington 17,069
4%
Louisiana Harvey 20,712
4%
Louisiana Pineville 14,332
4%
Louisiana Terrytown 24,244
4%
Louisiana Estelle 17,099
3%
Kentucky Fort Campbell North 13,882
3%
Louisiana River Ridge 13,241
3%
No matching quizzes found
Score Distribution
Percent of People with Each Score
Percentile by Number Answered
Your Score History
You have not taken this quiz